[Event "Europa ch Femenino 2013"]
[Site "Belgrado SER"]
[Date "2013.07.26"]
[Round "4.31"]
[White "Sandu, Mihaela"]
[Black "Purtseladze, Maka"]
[Result "0-1"]
[WhiteElo "2237"]
[BlackElo "2349"]
[PlyCount "104"]
[EventDate "2013.07.23"]
[EventType "swiss"]
[EventRounds "11"]
[EventCountry "SER"]
[Source "lmi"]
[SourceDate "2013.07.22"]

1. e4 d5 2. exd5 Qxd5 3. Nc3 Qd6 4. d4 Nf6 5. Nf3 g6 6. Nb5 Qd8 7. Bf4 Na6 8.
Qd2 Bg7 9. Bc4 O-O 10. O-O c6 11. Nc3 Nb4 12. a3 Nbd5 13. Be5 Bg4 14. Be2 Nxc3
15. Qxc3 Qb6 16. Qd2 Rfd8 17. Rfd1 Bf5 18. Bd3 Bxd3 19. Qxd3 a5 20. b3 Rd7 21.
Ng5 Rad8 22. Qc4 e6 23. Rd3 h6 24. Nf3 Ne8 25. Rad1 Nd6 26. Qc3 Nb5 27. Qd2
Bxe5 28. Nxe5 Rxd4 29. Qxh6 Rxd3 30. cxd3 Qd4 31. Nf3 Qg7 32. Qh4 Rxd3 33. Re1
Qc3 34. Kf1 Rd5 35. Ng5 Qg7 36. Ne4 g5 37. Qg3 f5 38. Qb8+ Kh7 39. Ng3 Nd4 40.
h4 gxh4 41. Nh5 Qe7 42. Nf4 Rd8 43. Qe5 c5 44. Rc1 b6 45. b4 Qd6 46. Qe3 Rg8
47. bxc5 bxc5 48. Qd2 Rg4 49. g3 Qa6+ 50. Ne2 hxg3 51. fxg3 Re4 52. Re1 Rxe2
0-1

[Event "Europa ch Femenino 2013"]
[Site "Belgrado SER"]
[Date "2013.07.26"]
[Round "4.33"]
[White "Belenkaya, Dina"]
[Black "Charochkina, Daria"]
[Result "0-1"]
[WhiteElo "2191"]
[BlackElo "2326"]
[PlyCount "68"]
[EventDate "2013.07.23"]
[EventType "swiss"]
[EventRounds "11"]
[EventCountry "SER"]
[Source "lmi"]
[SourceDate "2013.07.22"]

1. e4 c5 2. Nf3 e6 3. b3 d6 4. Bb2 Nf6 5. e5 dxe5 6. Nxe5 Be7 7. Na3 O-O 8. Bd3
Nbd7 9. Nac4 Nd5 10. Nxd7 Bxd7 11. Ne5 Be8 12. Qh5 g6 13. Qf3 f6 14. Ng4 Nb4
15. Be4 Bc6 16. Ne3 f5 17. Bxc6 Nxc6 18. O-O Bf6 19. Bxf6 Qxf6 20. Rae1 Rad8
21. d3 Rf7 22. Nc4 Qc3 23. Qe3 Nd4 24. Qg5 Rdf8 25. h4 Rg7 26. Ne3 f4 27. Nc4
b5 28. Ne5 Qxc2 29. Nf3 Nxf3+ 30. gxf3 Qxd3 31. Qg4 Qf5 32. Rxe6 Rc7 33. Rfe1
c4 34. bxc4 Rxc4 0-1

[Event "Europa ch Femenino 2013"]
[Site "Belgrado SER"]
[Date "2013.07.26"]
[Round "4.34"]
[White "Ziaziulkina, Nastassia"]
[Black "Golubeva, Oksana"]
[Result "1/2-1/2"]
[WhiteElo "2321"]
[BlackElo "2149"]
[PlyCount "104"]
[EventDate "2013.07.23"]
[EventType "swiss"]
[EventRounds "11"]
[EventCountry "SER"]
[Source "lmi"]
[SourceDate "2013.07.22"]

1. e4 e6 2. d4 d5 3. Nc3 Bb4 4. e5 c5 5. a3 Bxc3+ 6. bxc3 Ne7 7. Qg4 cxd4 8.
Qxg7 Rg8 9. Qxh7 Nbc6 10. f4 Qc7 11. Ne2 Bd7 12. Qd3 dxc3 13. h4 Nf5 14. h5 Qb6
15. h6 d4 16. h7 Rh8 17. g4 Nfe7 18. Ng3 O-O-O 19. Ne4 Kb8 20. Nd6 Rdf8 21. Bg2
Nd5 22. Bxd5 exd5 23. g5 Ka8 24. Rh6 a6 25. Rf6 Be6 26. Kf2 Rxh7 27. Qxh7 d3+
28. Kg2 d2 29. Bxd2 cxd2 30. Qd3 Qb2 31. Rf1 d4 32. Qxd2 Bd5+ 33. Kg3 Qxa3+ 34.
Qd3 Qc5 35. Ne4 Qb5 36. Rd1 Rh8 37. Rh6 Rd8 38. Nd6 Be6 39. Ra1 Ka7 40. Rhh1
Qc5 41. Rhb1 Nb4 42. Ra4 Rxd6 43. Rbxb4 Rd8 44. Qe4 Qc3+ 45. Qf3 Qe1+ 46. Qf2
Qh1 47. Qh2 Qd1 48. Rxd4 Rxd4 49. Qf2 Qg4+ 50. Kh2 Qh5+ 51. Kg1 Qd1+ 52. Kg2
Qg4+ 1/2-1/2

[Event "Europa ch Femenino 2013"]
[Site "Belgrado SER"]
[Date "2013.07.26"]
[Round "4.35"]
[White "Zhukova, Natalia"]
[Black "Nonkovic, Bogdana"]
[Result "1-0"]
[WhiteElo "2471"]
[BlackElo "2081"]
[PlyCount "65"]
[EventDate "2013.07.23"]
[EventType "swiss"]
[EventRounds "11"]
[EventCountry "SER"]
[Source "lmi"]
[SourceDate "2013.07.22"]

1. d4 d5 2. Nf3 e6 3. c4 c5 4. cxd5 exd5 5. g3 Nc6 6. Bg2 Nf6 7. O-O Be7 8.
dxc5 Bxc5 9. a3 a6 10. b4 Ba7 11. Bb2 O-O 12. Nbd2 Qe7 13. Nb3 Re8 14. e3 Be6
15. Nbd4 Bd7 16. Nxc6 Bxc6 17. Ne5 Bb5 18. Re1 Red8 19. Rc1 Bb6 20. Qc2 Qe6 21.
a4 Rac8 22. Qb3 Be8 23. Nd3 Rxc1 24. Rxc1 Ne4 25. Nf4 Qf5 26. h4 d4 27. Qd3 Nd6
28. e4 Qe5 29. Nd5 Ba7 30. f4 Qh5 31. Bxd4 Bxd4+ 32. Qxd4 Bxa4 33. Qb6 1-0

[Event "Europa ch Femenino 2013"]
[Site "Belgrado SER"]
[Date "2013.07.26"]
[Round "4.36"]
[White "Kaps, Darja"]
[Black "Milliet, Sophie"]
[Result "1/2-1/2"]
[WhiteElo "2235"]
[BlackElo "2396"]
[PlyCount "80"]
[EventDate "2013.07.23"]
[EventType "swiss"]
[EventRounds "11"]
[EventCountry "SER"]
[Source "lmi"]
[SourceDate "2013.07.22"]

1. c4 e5 2. Nc3 Nf6 3. g3 Bb4 4. Bg2 O-O 5. e4 d6 6. Nge2 a5 7. d3 Bc5 8. h3
Nc6 9. O-O Nd4 10. Nxd4 Bxd4 11. Ne2 Bc5 12. Kh2 a4 13. Bd2 b5 14. cxb5 Bd7 15.
Nc3 a3 16. bxa3 Rxa3 17. Qc2 Bd4 18. Rab1 Qa8 19. Rb3 Be6 20. Rxa3 Qxa3 21. f4
Ra8 22. f5 Bc8 23. Nb1 Qa7 24. Rc1 Bd7 25. Qxc7 Qxc7 26. Rxc7 Bxb5 27. Nc3 Bxd3
28. Bg5 h6 29. Bxf6 gxf6 30. a4 Kg7 31. Bf3 Rb8 32. Nb5 Bb6 33. Rc3 Bxb5 34.
axb5 Bc5 35. Be2 Ra8 36. Bc4 Ra1 37. Rc2 Rb1 38. Kg2 Kf8 39. Kf3 Ke7 40. Kg2
Kd7 1/2-1/2

[Event "Europa ch Femenino 2013"]
[Site "Belgrado SER"]
[Date "2013.07.26"]
[Round "4.37"]
[White "Cherednichenko, Elena"]
[Black "Ovod, Evgenija"]
[Result "1/2-1/2"]
[WhiteElo "2167"]
[BlackElo "2386"]
[PlyCount "130"]
[EventDate "2013.07.23"]
[EventType "swiss"]
[EventRounds "11"]
[EventCountry "SER"]
[Source "lmi"]
[SourceDate "2013.07.22"]

1. d4 Nf6 2. Nf3 g6 3. Nbd2 c5 4. dxc5 Qa5 5. a3 Qxc5 6. b4 Qc7 7. Bb2 Bg7 8.
e3 O-O 9. c4 b6 10. Be2 Bb7 11. O-O d6 12. Qb3 Nbd7 13. Rfd1 Rac8 14. Rac1 Qb8
15. Ne1 Rc7 16. Rc2 Rfc8 17. Rdc1 Qa8 18. Bf3 Ne4 19. Bxg7 Kxg7 20. Bxe4 Bxe4
21. Nxe4 Qxe4 22. Nd3 g5 23. Qc3+ e5 24. Qb3 g4 25. Ne1 h5 26. Qd3 Qxd3 27.
Nxd3 b5 28. c5 dxc5 29. Nxc5 Nxc5 30. bxc5 f5 31. Kf1 Kf6 32. Ke2 Ke6 33. Rc3
h4 34. R1c2 Rc6 35. Rc1 a5 36. h3 e4 37. R3c2 Ke5 38. Kf1 g3 39. fxg3 hxg3 40.
Ke1 b4 41. axb4 axb4 42. Rc4 b3 43. R4c3 b2 44. Rb1 Rxc5 45. Rxc5+ Rxc5 46.
Rxb2 Rc1+ 47. Kd2 Rg1 48. Kc3 Rd1 49. Re2 Kf6 50. Kc2 Rg1 51. Kc3 Kg5 52. Kd4
Rf1 53. Ra2 Rf2 54. Ra8 Kf6 55. Ra6+ Kg7 56. Ra7+ Kh6 57. Ra6+ Kh5 58. Ra8 Rxg2
59. Ke5 Kg6 60. Rg8+ Kh7 61. Rg5 Rf2 62. Rxg3 Rf3 63. Rg5 Rxe3 64. Kxf5 Rxh3
65. Kxe4 Rh6 1/2-1/2

[Event "Europa ch Femenino 2013"]
[Site "Belgrado SER"]
[Date "2013.07.26"]
[Round "4.38"]
[White "Arakhamia-Grant, Ketevan"]
[Black "Abdulla, Khayala"]
[Result "1-0"]
[WhiteElo "2385"]
[BlackElo "2241"]
[PlyCount "119"]
[EventDate "2013.07.23"]
[EventType "swiss"]
[EventRounds "11"]
[EventCountry "SER"]
[Source "lmi"]
[SourceDate "2013.07.22"]

1. e4 e6 2. d4 c5 3. Nf3 cxd4 4. Nxd4 Nc6 5. Nc3 Nf6 6. Ndb5 Bb4 7. a3 Bxc3+ 8.
Nxc3 d5 9. exd5 exd5 10. Bd3 O-O 11. O-O d4 12. Ne2 Bg4 13. Bg5 Qd6 14. f3 Bh5
15. Qd2 Bg6 16. Rad1 Rad8 17. Bh4 Rd7 18. Bg3 Qd5 19. Nf4 Qa2 20. Nxg6 hxg6 21.
Qc1 Qd5 22. Rfe1 Rc8 23. Re2 Re7 24. Rde1 Rce8 25. Rxe7 Rxe7 26. Rxe7 Nxe7 27.
Qf4 Nc6 28. Qc7 b6 29. Qd6 Qc5 30. Qxc5 bxc5 31. Bd6 Nd7 32. Bb5 Ncb8 33. Kf2
g5 34. Ke2 a6 35. Bd3 g6 36. Be7 Kg7 37. Bxg5 Ne5 38. b3 f6 39. Bd2 Kf7 40. Ba5
Nbc6 41. Bb6 Nxd3 42. cxd3 Ke6 43. Bxc5 Kd5 44. Bb6 Ne5 45. b4 Nf7 46. a4 Nd6
47. g4 f5 48. h4 fxg4 49. fxg4 Nf7 50. Bc7 g5 51. h5 Kc6 52. Bb8 Kb7 53. Bg3
Kc6 54. Kf3 Kd5 55. Bb8 Nh6 56. Bc7 Nf7 57. b5 axb5 58. axb5 Kc5 59. b6 Kc6 60.
Ke4 1-0

[Event "Europa ch Femenino 2013"]
[Site "Belgrado SER"]
[Date "2013.07.26"]
[Round "4.39"]
[White "Gvetadze, Sofio"]
[Black "Hairapetian, Anna"]
[Result "1-0"]
[WhiteElo "2341"]
[BlackElo "2214"]
[PlyCount "115"]
[EventDate "2013.07.23"]
[EventType "swiss"]
[EventRounds "11"]
[EventCountry "SER"]
[Source "lmi"]
[SourceDate "2013.07.22"]

1. d4 Nf6 2. Nf3 g6 3. Bf4 Bg7 4. e3 d6 5. h3 O-O 6. Be2 c5 7. Nbd2 Nc6 8. Bh2
Re8 9. Nb3 b6 10. O-O Bb7 11. c3 e5 12. a4 cxd4 13. cxd4 Nd5 14. Qd2 e4 15. Ne1
a5 16. Nc2 Rc8 17. Na3 Ncb4 18. Rfc1 Rxc1+ 19. Rxc1 f5 20. Nb5 Re6 21. Bc4 Bf8
22. Na1 Qg5 23. Nc3 Re8 24. Nc2 Kh8 25. Nxd5 Nxd5 26. Bxd5 Bxd5 27. Qc3 Be6 28.
d5+ Bg7 29. Qc6 Bf7 30. Bxd6 Rd8 31. Bf4 Qf6 32. Qxf6 Bxf6 33. d6 Rc8 34. d7
Rd8 35. Rd1 Bb3 36. Bc7 Ra8 37. Be5 Bxe5 38. d8=Q+ Rxd8 39. Rxd8+ Kg7 40. Nd4
Bxa4 41. b3 Bxd4 42. bxa4 Bc5 43. Rd7+ Kh6 44. Rf7 Bd6 45. Kf1 Bc5 46. Ke2 Bd6
47. f3 exf3+ 48. gxf3 Bc5 49. Kd3 Bb4 50. e4 fxe4+ 51. fxe4 Bc5 52. e5 g5 53.
Ke4 Kg6 54. Rf6+ Kg7 55. Kf5 Be3 56. e6 Bc5 57. Rf7+ Kg8 58. Kxg5 1-0

[Event "Europa ch Femenino 2013"]
[Site "Belgrado SER"]
[Date "2013.07.26"]
[Round "4.40"]
[White "Cosma, Elena-Luminita"]
[Black "Stetsko, Lanita"]
[Result "1-0"]
[WhiteElo "2329"]
[BlackElo "2209"]
[PlyCount "49"]
[EventDate "2013.07.23"]
[EventType "swiss"]
[EventRounds "11"]
[EventCountry "SER"]
[Source "lmi"]
[SourceDate "2013.07.22"]

1. Nf3 Nf6 2. c4 e6 3. g3 d5 4. Bg2 d4 5. b4 c5 6. d3 cxb4 7. O-O Nc6 8. a3 e5
9. axb4 Bxb4 10. Nxe5 Nxe5 11. Qa4+ Nc6 12. Bxc6+ bxc6 13. Qxb4 Qe7 14. Qxe7+
Kxe7 15. Ba3+ Kd8 16. Bc5 Re8 17. Ra2 Bg4 18. f3 Bh3 19. Rc1 Kc7 20. Bxd4 a5
21. Nc3 Ra6 22. Rca1 Rea8 23. Na4 Kd6 24. Nc5 R6a7 25. Ne4+ 1-0

[Event "Europa ch Femenino 2013"]
[Site "Belgrado SER"]
[Date "2013.07.26"]
[Round "4.41"]
[White "Kochetkova, Julia"]
[Black "Ibrahimova, Sabina"]
[Result "1/2-1/2"]
[WhiteElo "2328"]
[BlackElo "2168"]
[PlyCount "125"]
[EventDate "2013.07.23"]
[EventType "swiss"]
[EventRounds "11"]
[EventCountry "SER"]
[Source "lmi"]
[SourceDate "2013.07.22"]

1. e4 c5 2. Nf3 Nc6 3. Bb5 g6 4. Bxc6 bxc6 5. O-O Bg7 6. c3 Nh6 7. d4 cxd4 8.
cxd4 d6 9. h3 O-O 10. Re1 f6 11. Nc3 Nf7 12. b3 Bd7 13. Bb2 Ng5 14. Nxg5 fxg5
15. e5 dxe5 16. dxe5 Qc8 17. Qe2 Be6 18. Rac1 g4 19. hxg4 Bxg4 20. Qe3 Be6 21.
Qc5 Qb7 22. Rc2 Rf5 23. Nd1 Rc8 24. Bd4 a6 25. b4 Rd8 26. Ne3 Rf4 27. Ba1 Qxb4
28. Qxb4 Rxb4 29. Rxc6 Bxa2 30. Rxa6 Rb1 31. Rxb1 Bxb1 32. Ra7 Kf8 33. Bb2 Bf5
34. Nxf5 gxf5 35. g3 Ke8 36. Kg2 Rd5 37. Ra8+ Rd8 38. Ra5 Rd2 39. Rb5 Kd7 40.
Rb7+ Ke6 41. Bc1 Rd7 42. Rb6+ Kd5 43. Bb2 Rc7 44. Kf3 Rc2 45. Ke3 Rc6 46. Rb5+
Ke6 47. Kd3 Ra6 48. Bd4 Ra4 49. Kc3 Bh8 50. Rb7 Ra5 51. Kb4 Ra2 52. Kb3 Rd2 53.
Bc5 Rd7 54. Rxd7 Kxd7 55. f4 Bg7 56. Kc4 Ke6 57. Kd4 Bf8 58. Bb4 Bg7 59. Kc5
Bxe5 60. fxe5 Kxe5 61. Kc4 f4 62. gxf4+ Kxf4 63. Bxe7 1/2-1/2

[Event "Europa ch Femenino 2013"]
[Site "Belgrado SER"]
[Date "2013.07.26"]
[Round "4.42"]
[White "Arabidze, Meri"]
[Black "Batyte, Daiva"]
[Result "1-0"]
[WhiteElo "2320"]
[BlackElo "2161"]
[PlyCount "99"]
[EventDate "2013.07.23"]
[EventType "swiss"]
[EventRounds "11"]
[EventCountry "SER"]
[Source "lmi"]
[SourceDate "2013.07.22"]

1. d4 Nf6 2. c4 e6 3. Nf3 d5 4. Nc3 c5 5. cxd5 cxd4 6. Qa4+ Bd7 7. Qxd4 Nxd5 8.
Nxd5 exd5 9. Qxd5 Nc6 10. a3 Qa5+ 11. Qxa5 Nxa5 12. Nd2 Be7 13. b4 Bf6 14. Rb1
Nc6 15. e3 O-O-O 16. Bb2 Bxb2 17. Rxb2 Rhe8 18. Be2 Bf5 19. O-O f6 20. Nb3 Bd3
21. b5 Ne5 22. Nc5 Bxe2 23. Rxe2 Kc7 24. a4 Rd5 25. Rc2 Kb8 26. h3 g5 27. Rfc1
Rxc5 28. Rxc5 Nd3 29. R1c3 Nxc5 30. Rxc5 Re6 31. Rc4 a6 32. bxa6 bxa6 33. Kh2
Kb7 34. h4 h6 35. Rb4+ Kc6 36. h5 Kc5 37. Rd4 f5 38. Rd7 Re4 39. g3 f4 40. exf4
gxf4 41. g4 Rxa4 42. Rh7 Kd6 43. Rxh6+ Ke7 44. Rb6 Kf7 45. Kh3 Ra3+ 46. Kh4 Ra2
47. f3 Ra3 48. Kg5 Rxf3 49. Rxa6 Rf1 50. Rf6+ 1-0

[Event "Europa ch Femenino 2013"]
[Site "Belgrado SER"]
[Date "2013.07.26"]
[Round "4.43"]
[White "Bokuchava, Madona"]
[Black "Mikadze, Miranda"]
[Result "1/2-1/2"]
[WhiteElo "2109"]
[BlackElo "2314"]
[PlyCount "80"]
[EventDate "2013.07.23"]
[EventType "swiss"]
[EventRounds "11"]
[EventCountry "SER"]
[Source "lmi"]
[SourceDate "2013.07.22"]

1. d4 d5 2. c4 c6 3. Nf3 Nf6 4. e3 Bf5 5. Bd3 Bxd3 6. Qxd3 e6 7. O-O Nbd7 8.
Nc3 Bb4 9. Bd2 a5 10. b3 O-O 11. Rfb1 Qe7 12. Be1 Rfd8 13. cxd5 exd5 14. Ne2
Ne4 15. Ng3 Ndf6 16. Ne5 Nxg3 17. hxg3 Ne4 18. Qc2 Rd6 19. a3 Bxe1 20. Rxe1 Rh6
21. Qe2 Qg5 22. Nf3 Qf5 23. Rac1 Ra6 24. Nh4 Qd7 25. Rc2 Rb6 26. Rb2 Rf6 27.
Rf1 g5 28. Nf3 Qg4 29. Re1 Kg7 30. Ne5 Qxe2 31. Rexe2 Re6 32. g4 Re8 33. Nd3
Ra8 34. f3 Nc3 35. Re1 Re8 36. Kf2 Ra6 37. Nc5 Ra7 38. Rc2 Nb5 39. a4 Nc7 40.
Rb1 Na6 1/2-1/2

[Event "Europa ch Femenino 2013"]
[Site "Belgrado SER"]
[Date "2013.07.26"]
[Round "4.44"]
[White "Sedina, Elena"]
[Black "Khalafova, Narmin"]
[Result "1-0"]
[WhiteElo "2313"]
[BlackElo "2107"]
[PlyCount "59"]
[EventDate "2013.07.23"]
[EventType "swiss"]
[EventRounds "11"]
[EventCountry "SER"]
[Source "lmi"]
[SourceDate "2013.07.22"]

1. e4 c5 2. Nf3 Nc6 3. Bb5 e6 4. O-O Nge7 5. c3 a6 6. Ba4 b5 7. Bc2 d5 8. e5 c4
9. d4 cxd3 10. Bxd3 Ng6 11. Re1 Be7 12. b4 Qc7 13. Qe2 O-O 14. a4 bxa4 15. Rxa4
a5 16. b5 Nb8 17. h4 f5 18. exf6 Rxf6 19. Bg5 Rf8 20. h5 Nf4 21. Rxf4 Rxf4 22.
b6 Qd6 23. Bxf4 Qxf4 24. Qb2 Bb7 25. Rxe6 Bf8 26. Ne5 a4 27. Qc2 g6 28. Bxg6
hxg6 29. Qxg6+ Kh8 30. Nf7+ 1-0

[Event "Europa ch Femenino 2013"]
[Site "Belgrado SER"]
[Date "2013.07.26"]
[Round "4.45"]
[White "Miladinovic, Lena"]
[Black "Videnova, Iva"]
[Result "0-1"]
[WhiteElo "2083"]
[BlackElo "2301"]
[PlyCount "80"]
[EventDate "2013.07.23"]
[EventType "swiss"]
[EventRounds "11"]
[EventCountry "SER"]
[Source "lmi"]
[SourceDate "2013.07.22"]

1. d4 Nf6 2. Nf3 g6 3. c4 Bg7 4. Nc3 d5 5. e3 O-O 6. Be2 c5 7. dxc5 dxc4 8. O-O
Na6 9. Qd4 Qc7 10. Qxc4 Nxc5 11. b4 Na6 12. Qxc7 Nxc7 13. Bd2 Rd8 14. Rac1 Ncd5
15. a3 Bd7 16. Rfd1 a6 17. Nxd5 Nxd5 18. e4 Nf6 19. e5 Nd5 20. Bg5 Ba4 21. Rd4
h6 22. Bh4 g5 23. Bg3 e6 24. h4 Nf4 25. Rxd8+ Rxd8 26. Bxf4 gxf4 27. Kf1 f6 28.
Bc4 Kf7 29. Re1 f5 30. Rc1 Ke7 31. Be2 Bc6 32. Rc4 Be4 33. Ke1 Rd7 34. Rc5 Kd8
35. Bc4 b6 36. Bxe6 bxc5 37. Bxd7 Kxd7 38. bxc5 Bxf3 39. gxf3 Bxe5 40. h5 Kc6
0-1

[Event "Europa ch Femenino 2013"]
[Site "Belgrado SER"]
[Date "2013.07.26"]
[Round "4.46"]
[White "Ozturk, Kubra"]
[Black "Novkovic, Julia"]
[Result "1-0"]
[WhiteElo "2293"]
[BlackElo "2102"]
[PlyCount "133"]
[EventDate "2013.07.23"]
[EventType "swiss"]
[EventRounds "11"]
[EventCountry "SER"]
[Source "lmi"]
[SourceDate "2013.07.22"]

1. d4 g6 2. c4 Bg7 3. Nf3 d6 4. g3 e5 5. Nc3 exd4 6. Nxd4 Nc6 7. Nxc6 bxc6 8.
Qd3 Ne7 9. Bg2 O-O 10. O-O Rb8 11. b3 Bf5 12. e4 Be6 13. Be3 c5 14. f4 Nc6 15.
f5 Ne5 16. Qe2 Bd7 17. Rac1 Bc6 18. h3 a5 19. Nd5 Bxd5 20. exd5 Re8 21. Bf2 a4
22. Qc2 axb3 23. axb3 Ra8 24. Be1 Nd7 25. Bd2 Re2 26. Bf3 Bd4+ 27. Kh1 Rf2 28.
h4 Rxf1+ 29. Rxf1 Ra1 30. Rxa1 Bxa1 31. Kg2 Bf6 32. h5 g5 33. Qe4 h6 34. Bd1
Bd4 35. b4 Nf6 36. Qd3 Qa8 37. bxc5 Bxc5 38. Bc3 Qd8 39. Qe2 Bb6 40. Ba4 Bc5
41. Ba1 Kh7 42. Bc6 Bb6 43. g4 Bc5 44. Kf3 Bb6 45. Bc3 Nd7 46. Bxd7 Qxd7 47. f6
Kg8 48. Qe4 Qc8 49. Ke2 Qa8 50. Kd3 Qc8 51. Kc2 Bc5 52. Ba5 Bb6 53. Bxb6 cxb6
54. Kb3 Qd7 55. Kb4 Qc8 56. Qe3 Qd8 57. Qe7 Qa8 58. Kb5 Qa5+ 59. Kc6 Qa8+ 60.
Kxd6 Qa3+ 61. Kc6 Qa8+ 62. Kxb6 Qb8+ 63. Kc5 Kh8 64. d6 Qc8+ 65. Kb4 Qb8+ 66.
Kc5 Qg8 67. d7 1-0

[Event "Europa ch Femenino 2013"]
[Site "Belgrado SER"]
[Date "2013.07.26"]
[Round "4.48"]
[White "Franciskovic, Borka"]
[Black "Kruljac, Petra"]
[Result "1-0"]
[WhiteElo "2277"]
[BlackElo "2092"]
[PlyCount "71"]
[EventDate "2013.07.23"]
[EventType "swiss"]
[EventRounds "11"]
[EventCountry "SER"]
[Source "lmi"]
[SourceDate "2013.07.22"]

1. c4 b6 2. Nf3 Bb7 3. Nc3 f5 4. g3 e6 5. Bg2 Nf6 6. O-O Be7 7. d4 c6 8. d5
cxd5 9. Nd4 Bc5 10. cxd5 Bxd4 11. Qxd4 O-O 12. Rd1 exd5 13. Nxd5 Kh8 14. Nxf6
Bxg2 15. Nxh7 Kxh7 16. Kxg2 Qe7 17. Bf4 Rf7 18. Qe3 Na6 19. Qxe7 Rxe7 20. Rd2
Rae8 21. e3 Rg8 22. Rad1 g6 23. Rxd7 Rgg7 24. Rxe7 Rxe7 25. Rd8 Kg7 26. Bd6 Rb7
27. b4 Kf7 28. Rc8 Ke6 29. b5 Kxd6 30. bxa6 Rc7 31. Rxc7 Kxc7 32. Kf3 Kc6 33.
Kf4 Kb5 34. Kg5 Ka4 35. Kxg6 Ka3 36. h4 1-0

[Event "Europa ch Femenino 2013"]
[Site "Belgrado SER"]
[Date "2013.07.26"]
[Round "4.49"]
[White "Papp, Petra"]
[Black "Serefidou, Despina"]
[Result "1-0"]
[WhiteElo "2276"]
[BlackElo "1971"]
[PlyCount "75"]
[EventDate "2013.07.23"]
[EventType "swiss"]
[EventRounds "11"]
[EventCountry "SER"]
[Source "lmi"]
[SourceDate "2013.07.22"]

1. e4 c5 2. Nf3 d6 3. d4 cxd4 4. Nxd4 Nf6 5. Nc3 a6 6. Be2 e5 7. Nb3 Be7 8. O-O
O-O 9. Be3 Nc6 10. Qd2 Be6 11. Rfd1 a5 12. a3 a4 13. Nc1 Qa5 14. N1a2 Rfd8 15.
Bf3 Nd7 16. Nd5 Bxd5 17. Qxd5 Qxd5 18. Rxd5 Na5 19. Be2 Rdc8 20. Rd2 Nc4 21.
Bxc4 Rxc4 22. Nc3 Rac8 23. f3 Bf8 24. g4 R8c6 25. Kf1 f6 26. Ke2 Kf7 27. Rd5
Nc5 28. Rc1 Ne6 29. Kd3 Nc7 30. Ra5 Ke6 31. Nxa4 d5 32. b3 dxe4+ 33. fxe4 Rd4+
34. Bxd4 exd4 35. b4 b5 36. Nc5+ Bxc5 37. bxc5 Ke5 38. c3 1-0

[Event "Europa ch Femenino 2013"]
[Site "Belgrado SER"]
[Date "2013.07.26"]
[Round "4.50"]
[White "Umudova, Nargiz"]
[Black "Milanovic, Maja"]
[Result "1-0"]
[WhiteElo "2253"]
[BlackElo "1969"]
[PlyCount "59"]
[EventDate "2013.07.23"]
[EventType "swiss"]
[EventRounds "11"]
[EventCountry "SER"]
[Source "lmi"]
[SourceDate "2013.07.22"]

1. e4 c5 2. Nf3 e6 3. d4 cxd4 4. Nxd4 a6 5. Bd3 Qc7 6. O-O Nf6 7. Qe2 d6 8. c4
g6 9. Nc3 Bg7 10. Nf3 Nc6 11. Bf4 Nd7 12. Rac1 Nce5 13. Nxe5 dxe5 14. Be3 b6
15. b4 Bb7 16. Na4 O-O 17. c5 b5 18. Nb6 Rad8 19. a4 bxa4 20. Nxd7 Qxd7 21.
Bxa6 Bxa6 22. Qxa6 Ra8 23. Qc4 Rfb8 24. c6 Qc7 25. Rfd1 Rd8 26. b5 Rd4 27. Bxd4
exd4 28. Qc5 Rb8 29. b6 Qc8 30. Qa5 1-0

[Event "Europa ch Femenino 2013"]
[Site "Belgrado SER"]
[Date "2013.07.26"]
[Round "4.51"]
[White "Paehtz, Elisabeth"]
[Black "Bogumil, Tatiana"]
[Result "1-0"]
[WhiteElo "2454"]
[BlackElo "2084"]
[PlyCount "51"]
[EventDate "2013.07.23"]
[EventType "swiss"]
[EventRounds "11"]
[EventCountry "SER"]
[Source "lmi"]
[SourceDate "2013.07.22"]

1. e4 d5 2. exd5 Qxd5 3. Nc3 Qd6 4. d4 Nf6 5. Nf3 a6 6. g3 b5 7. Bg2 Bb7 8. O-O
e6 9. Bf4 Qd8 10. Ne5 Nd5 11. Qf3 Ra7 12. Nxf7 Kxf7 13. Bxc7+ Qf6 14. Bxb8 Ra8
15. Be5 Qxf3 16. Bxf3 Rc8 17. Nxd5 Bxd5 18. Bh5+ Ke7 19. c3 Rg8 20. a4 g6 21.
Be2 Bc4 22. Rfe1 Kd7 23. axb5 axb5 24. Ra7+ Kc6 25. Bxc4 bxc4 26. Rea1 1-0

[Event "Europa ch Femenino 2013"]
[Site "Belgrado SER"]
[Date "2013.07.26"]
[Round "4.52"]
[White "Foisor, Cristina-Adela"]
[Black "Velickovski-Nejkovic, Maja"]
[Result "1-0"]
[WhiteElo "2387"]
[BlackElo "2083"]
[PlyCount "75"]
[EventDate "2013.07.23"]
[EventType "swiss"]
[EventRounds "11"]
[EventCountry "SER"]
[Source "lmi"]
[SourceDate "2013.07.22"]

1. d4 Nf6 2. Nf3 d6 3. c4 Nbd7 4. Nc3 e5 5. e4 Be7 6. Be2 O-O 7. O-O c6 8. Re1
Qc7 9. Bf1 a6 10. Rb1 b5 11. b4 bxc4 12. dxe5 dxe5 13. Bxc4 Nb6 14. Nd2 a5 15.
bxa5 Rxa5 16. Qc2 Bc5 17. Nd1 Bd4 18. Ne3 Qa7 19. Bb3 Rc5 20. Qd1 Bc3 21. Bb2
Rd8 22. Bxc3 Rxc3 23. Rb2 Rcd3 24. Qc1 Bg4 25. Ndf1 Qa5 26. Rc2 Be6 27. Rc5 Qb4
28. Bxe6 fxe6 29. Rxc6 Nxe4 30. Nc2 Qb5 31. Rxe6 Nc3 32. R6xe5 R3d5 33. Nd4 Qd3
34. R5e3 Nxa2 35. Qc6 Qg6 36. Re6 Qh5 37. Ng3 Qg4 38. Re8+ 1-0

[Event "Europa ch Femenino 2013"]
[Site "Belgrado SER"]
[Date "2013.07.26"]
[Round "4.53"]
[White "Imeeva, Aisa"]
[Black "Voicu-Jagodzinsky, Carmen"]
[Result "0-1"]
[WhiteElo "2079"]
[BlackElo "2296"]
[PlyCount "104"]
[EventDate "2013.07.23"]
[EventType "swiss"]
[EventRounds "11"]
[EventCountry "SER"]
[Source "lmi"]
[SourceDate "2013.07.22"]

1. e4 c5 2. Nf3 e6 3. d4 cxd4 4. Nxd4 a6 5. Be2 Qc7 6. O-O Nf6 7. Nc3 d6 8. Be3
Nc6 9. Nb3 b5 10. a3 Bb7 11. f4 Be7 12. Bf3 O-O 13. Qe2 Rfe8 14. Qf2 Rac8 15.
Rfe1 Nd7 16. Nd4 Bf6 17. Rad1 Nxd4 18. Bxd4 e5 19. fxe5 Nxe5 20. Re2 Qc4 21.
Kh1 Qe6 22. h3 Rc4 23. Nd5 Bg5 24. Bxe5 dxe5 25. Ree1 Rd8 26. Qg3 h6 27. Bg4
Qe8 28. c3 Bxd5 29. Rxd5 Bf4 30. Qd3 Rxd5 31. exd5 e4 32. d6 Qd8 33. Rxe4 Rxe4
34. Qxe4 Bxd6 35. Bf3 Qg5 36. Qe8+ Kh7 37. Qe1 f5 38. Qb1 Qf4 39. Kg1 g6 40.
Qd1 h5 41. b4 Qe3+ 42. Kh1 Be5 43. g4 fxg4 44. hxg4 h4 45. Kg2 Qf4 46. Qe1 h3+
47. Kf2 h2 48. Ke2 Kg7 49. Qd1 Bxc3 50. g5 Bd4 51. Qc2 Qe3+ 52. Kd1 Qxf3+ 0-1

[Event "Europa ch Femenino 2013"]
[Site "Belgrado SER"]
[Date "2013.07.26"]
[Round "4.54"]
[White "Korchagina, Viktoria"]
[Black "Mamedjarova, Turkan"]
[Result "1/2-1/2"]
[WhiteElo "2068"]
[BlackElo "2267"]
[PlyCount "91"]
[EventDate "2013.07.23"]
[EventType "swiss"]
[EventRounds "11"]
[EventCountry "SER"]
[Source "lmi"]
[SourceDate "2013.07.22"]

1. e4 e5 2. Nf3 Nc6 3. Bb5 Nd4 4. Nxd4 exd4 5. O-O Bc5 6. d3 c6 7. Ba4 d6 8. f4
Qh4 9. f5 Bd7 10. Bb3 h6 11. Nd2 Qe7 12. a4 Nf6 13. Bc4 a5 14. Nb3 Bb6 15. Bf4
O-O 16. Qf3 Rfe8 17. Bg3 d5 18. exd5 Qe3+ 19. Bf2 Qxf3 20. gxf3 Nxd5 21. Bxd5
cxd5 22. Nxd4 Bxd4 23. Bxd4 Re2 24. Rf2 Rxf2 25. Kxf2 Rc8 26. c3 Bxf5 27. Ke3
Re8+ 28. Kd2 Bd7 29. b3 Re6 30. Rg1 g6 31. Re1 Rxe1 32. Kxe1 b5 33. axb5 Bxb5
34. c4 dxc4 35. dxc4 Ba6 36. Kd2 a4 37. Kc3 axb3 38. Kxb3 Kf8 39. Bf6 Ke8 40.
Kc3 Kd7 41. Kd4 Ke6 42. Bg7 h5 43. c5 Bb7 44. Ke3 Kd5 45. Bf8 Ke6 46. Bg7
1/2-1/2